Yorkshirsky puding aneb Poučme se s Sheffieldu. I naše města i obce mohou získat dotaci od OSN.
Informácia o tom, ako sa otázky rastúcej nezamestnanosti vyplývajúcej z reštrukturalizácie miestneho priemyslu, životného prostredia a zabezpečenia dostatku vhodných bytov riešia v britskom meste Sheffielde. Využiteľnosť poznatkov i v ČSFR.
Gespeichert in:
| 1. Verfasser: | |
|---|---|
| Format: | Buchkapitel |
| Sprache: | Tschechisch |
| Schlagworte: | |
| Tags: |
Keine Tags, Fügen Sie das erste Tag hinzu!
|
MARC
| LEADER | 00000naa a2200000 4500 | ||
|---|---|---|---|
| 001 | r011718 | ||
| 005 | 20220831084229.7 | ||
| 041 | 0 | |a cze | |
| 044 | |a [CS] | ||
| 245 | 1 | 0 | |a Yorkshirsky puding aneb Poučme se s Sheffieldu. |b I naše města i obce mohou získat dotaci od OSN. |c I. Anděra |
| 520 | |a Informácia o tom, ako sa otázky rastúcej nezamestnanosti vyplývajúcej z reštrukturalizácie miestneho priemyslu, životného prostredia a zabezpečenia dostatku vhodných bytov riešia v britskom meste Sheffielde. Využiteľnosť poznatkov i v ČSFR. | ||
| 610 | 2 | 0 | |a nezamestnanosť |
| 610 | 2 | 0 | |a prostredie životné |
| 610 | 2 | 0 | |a byty |
| 610 | 2 | 0 | |a správa miestna |
| 610 | 2 | 0 | |a Veľká Británia |
| 610 | 2 | 0 | |a Sheffield |
| 610 | 2 | 0 | |a OSN |
| 610 | 2 | 0 | |a dotácie |
| 100 | 1 | |a Anděra, I. | |